• 首页
  • 本馆介绍
  • 公告通知
  • 最新文献
  • 馆藏检索
  • 电子资源
  • 读者导购
  • 参考咨询
  • 我的图书馆
  • 登录
  • 详细信息显示
  • 放入我的书架
  • 预约/预借图书
  • 作者相关作品
  • 分类相关作品
  • 丛书相关作品
  • 出版社相关作品

书目信息

  • 表格格式
  • 工作单格式
  • 卡片格式
题名:
辞海
    
 
作者: ;辞海编辑委员会 编
分册:  
出版信息: 上海   上海辞书出版社  1982
页数: 923页
开本: 21cm
丛书名:
单 册:
中图分类: Z32 , Z3
科图分类:
主题词: 百科全书--中国 , 词典
电子资源:
ISBN:
000 00685nam0 2200265 45
001 1549635432
005 20150118134758.54
010    @b精装@dCNY5.60
091    @aCN@b17187.63
100    @a19950407d1982 kemy0chiy0121 ea
101 0  @achi
102    @aCN@b310000
105    @ay e 000yy
200 10 @a辞海@Aci hai@e语词增补本@f辞海编辑委员会编
210    @a上海@c上海辞书出版社@d1982
215    @a923页@d21cm
517 1  @a语词增补本@Ayu ci zeng bu ben
606    @a百科全书@y中国
606 0  @a词典
690    @aZ32@v3
690    @aZ3@v4
711 02 @a辞海编辑委员会@Aci hai bian ji wei yuan hui@4编
801  0 @aCN@bTSSF
801  2 @aCN@bNLC
905    @aZUCC@dZ3@eJY24
    
    辞海:语词增补本/辞海编辑委员会编.-上海:上海辞书出版社,1982
    923页;21cm
    
    
    ISBN (精装):CNY5.60
    
●
相关链接 在E读中查询图书 在五车中查询图书 在当当中查询图书 在豆瓣中查询图书


正题名:辞海     索取号:Z3/JY24         预约/预借

序号 登录号 条形码 馆藏地/架位号 状态 备注
1 7835021   278350213   学院路分馆/ [索取号:Z3/JY24] 在馆    
唐山师范学院图书馆 欢迎您!
大连网信软件有限公司© 版权所有